The geometry of the generalized Gauss map
Αποθηκεύτηκε σε:
| Κύριοι συγγραφείς: | , |
|---|---|
| Μορφή: | Βιβλίο |
| Γλώσσα: | English |
| Δημοσίευση: |
Providence, R.I. :
American Mathematical Society,
1980.
|
| Σειρά: | Memoirs of the American Mathematical Society ;
236 |
| Θέματα: | |
| Ετικέτες: |
Προσθήκη ετικέτας
Δεν υπάρχουν, Καταχωρήστε ετικέτα πρώτοι!
|
MARC
| LEADER | 00000cam a2200000 i 4500 | ||
|---|---|---|---|
| 001 | 1/49094 | ||
| 008 | 941103s1980 riu ||| | eng|| | ||
| 020 | |a 0821822365 | ||
| 035 | |l 10043517 | ||
| 035 | |a 1993 | ||
| 040 | |a GR-MyUA |b gre |e AACR2 | ||
| 041 | 0 | |a eng | |
| 082 | 0 | |a 516.362 |2 (19) | |
| 100 | 1 | |a Hoffman, David A., |d 1944- | |
| 245 | 1 | 4 | |a The geometry of the generalized Gauss map / |c David A. Hoffman and Robert Osserman. |
| 260 | |a Providence, R.I. : |b American Mathematical Society, |c 1980. | ||
| 300 | |a iii, 105 σ. ; |c 26 εκ. | ||
| 490 | 1 | |a (Memoirs of the American Mathematical Society |v ; 236) | |
| 500 | |a "Volume 28 ... (first of 2 numbers)." | ||
| 504 | |a Βιβλιογραφία: σ. 103-105. | ||
| 650 | 0 | 0 | |a Minimal surfaces. |
| 650 | 0 | 0 | |a Grassmann manifolds. |
| 650 | 0 | 0 | |a Gauss maps. |
| 700 | 1 | |a Osserman, Robert, |e aut | |
| 830 | 0 | |a Memoirs of the American Mathematical Society ; |v 236 | |
| 852 | |a INST |b SAMOS |e 19941103 |h 516.362 HOF |p 005300007687 |q 005300007687 |t BK |y 0 | ||
| 909 | |a Σ |b 034498 | ||